MLB Players who had 30+HR, 100+RBI seasons - 2010s - Statistics

General Stats
  • This quiz has been taken 237 times
  • The average score is 84 of 138
Answer Stats
Year Position Answer HR RBI % Correct
2019 CF Mike Trout 45 104
96%
2014 CF Mike Trout 36 111
96%
2017 RF Aaron Judge 52 114
90%
2019 1B Pete Alonso 53 120
88%
2018 DH Giancarlo Stanton 38 100
87%
2017 RF Giancarlo Stanton 59 132
87%
2014 RF Giancarlo Stanton 37 105
87%
2019 RF Bryce Harper 35 114
85%
2018 RF Bryce Harper 34 100
85%
2016 1B Miguel Cabrera 38 108
85%
2013 3B Miguel Cabrera 44 137
85%
2012 3B Miguel Cabrera 44 139
85%
2011 1B Miguel Cabrera 30 105
85%
2010 1B Miguel Cabrera 38 126
85%
2016 DH Albert Pujols 31 119
84%
2012 1B Albert Pujols 30 105
84%
2010 1B Albert Pujols 42 118
84%
2019 3B Nolan Arenado 41 118
84%
2018 3B Nolan Arenado 38 110
84%
2017 3B Nolan Arenado 37 130
84%
2016 3B Nolan Arenado 41 133
84%
2015 3B Nolan Arenado 42 130
84%
2016 1B Hanley Ramirez 30 111
83%
2018 3B Jose Ramirez 39 105
83%
2018 LF Christian Yelich 36 110
82%
2016 DH David Ortiz 38 127
82%
2015 DH David Ortiz 37 108
82%
2014 DH David Ortiz 35 104
82%
2013 DH David Ortiz 30 103
82%
2010 DH David Ortiz 32 102
82%
2015 1B Chris Davis 47 117
81%
2013 1B Chris Davis 53 138
81%
2018 DH Khris Davis 48 123
81%
2017 LF Khris Davis 43 110
81%
2016 LF Khris Davis 42 102
81%
2016 RF Mookie Betts 31 113
81%
2019 1B Freddie Freeman 38 121
79%
2017 1B Paul Goldschmidt 36 120
79%
2015 1B Paul Goldschmidt 33 110
79%
2013 1B Paul Goldschmidt 36 125
79%
2019 1B Josh Bell 37 116
78%
2018 SS Manny Machado 37 107
78%
2017 1B Anthony Rizzo 32 109
76%
2016 1B Anthony Rizzo 32 109
76%
2015 1B Anthony Rizzo 31 101
76%
2019 DH Nelson Cruz 41 108
76%
2017 DH Nelson Cruz 39 119
76%
2016 DH Nelson Cruz 43 105
76%
2014 DH Nelson Cruz 40 108
76%
2010 3B Alex Rodriguez 30 125
75%
2019 DH J.D. Martinez 36 105
75%
2018 DH J.D. Martinez 43 130
75%
2017 RF J.D. Martinez 45 104
75%
2015 RF J.D. Martinez 38 102
75%
2016 3B Kris Bryant 39 102
75%
2014 DH Victor Martinez 32 103
75%
2019 3B Alex Bregman 41 112
74%
2018 3B Alex Bregman 31 103
74%
2019 RF Cody Bellinger 47 115
74%
2017 1B Joey Votto 36 100
72%
2010 1B Joey Votto 37 113
72%
2015 3B Josh Donaldson 41 123
71%
2019 CF Ronald Acuna Jr. 41 101
71%
2015 RF Jose Bautista 40 114
67%
2014 RF Jose Bautista 35 103
67%
2011 RF Jose Bautista 43 103
67%
2010 RF Jose Bautista 54 124
67%
2013 CF Adam Jones 33 108
64%
2018 DH Edwin Encarnacion 32 107
63%
2017 DH Edwin Encarnacion 38 107
63%
2016 DH Edwin Encarnacion 42 127
63%
2015 DH Edwin Encarnacion 39 111
63%
2013 1B Edwin Encarnacion 36 104
63%
2012 DH Edwin Encarnacion 42 110
63%
2012 LF Ryan Braun 41 112
63%
2011 LF Ryan Braun 33 111
63%
2019 3B Rafael Devers 32 115
61%
2010 1B Adrian Gonzalez 31 101
60%
2019 LF Juan Soto 34 110
60%
2011 1B Ryan Howard 33 116
60%
2010 1B Ryan Howard 31 108
60%
2016 3B Adrian Beltre 32 104
59%
2012 3B Adrian Beltre 36 102
59%
2011 3B Adrian Beltre 32 105
59%
2010 LF Carlos Gonzalez 34 117
59%
2019 3B Anthony Rendon 34 126
58%
2012 CF Josh Hamilton 43 128
57%
2010 LF Josh Hamilton 32 100
57%
2013 3B Pedro Alvarez 36 100
57%
2012 1B Prince Fielder 30 108
57%
2011 1B Prince Fielder 38 120
57%
2019 3B Eugenio Suarez 49 103
56%
2018 3B Eugenio Suarez 34 104
56%
2019 1B Jose Abreu 33 123
56%
2017 1B Jose Abreu 33 102
56%
2015 1B Jose Abreu 30 101
56%
2014 1B Jose Abreu 36 107
56%
2017 LF Marcell Ozuna 37 124
55%
2018 2B Javier Baez 34 111
53%
2016 2B Robinson Cano 39 103
53%
2019 SS Xander Bogaerts 33 117
53%
2017 1B Ryan Zimmerman 36 108
52%
2018 SS Trevor Story 37 108
50%
2016 LF Matt Kemp 35 108
49%
2011 CF Matt Kemp 39 126
49%
2017 CF Charlie Blackmon 37 104
47%
2019 DH Jorge Soler 48 117
45%
2010 1B Mark Teixeira 33 108
45%
2011 1B Mark Teixeira 39 111
44%
2016 RF Mark Trumbo 47 108
44%
2013 1B Mark Trumbo 34 100
44%
2011 SS Troy Tulowitzki 30 105
43%
2017 LF Justin Upton 35 109
37%
2010 1B Adam Dunn 38 103
36%
2012 CF Curtis Granderson 43 106
36%
2011 CF Curtis Granderson 41 119
36%
2016 1B Mike Napoli 34 101
30%
2011 1B Paul Konerko 31 105
30%
2010 1B Paul Konerko 39 111
30%
2015 CF Yoenis Cespedes 35 105
30%
2011 CF Jacoby Ellsbury 32 105
29%
2017 RF Jay Bruce 36 101
29%
2013 RF Jay Bruce 30 109
29%
2013 LF Alfonso Soriano 34 101
24%
2012 LF Alfonso Soriano 32 108
24%
2010 2B Dan Uggla 33 105
23%
2019 3B Eduardo Escobar 35 118
18%
2012 3B Chase Headley 31 115
17%
2019 1B Yuli Gurriel 31 104
16%
2016 LF Adam Duvall 33 103
15%
2019 LF Eddie Rosario 32 109
15%
2017 2B Jonathan Schoop 32 105
15%
2012 1B Adam LaRoche 33 100
14%
2018 1B Jesus Aguilar 35 108
13%
2017 3B Travis Shaw 31 101
12%
2010 RF Corey Hart 31 102
10%
2017 3B Jake Lamb 30 105
9%
2012 LF Josh Willingham 35 110
9%
No matching quizzes found
Score Distribution
Percent of People with Each Score
Percentile by Number Answered
Your Score History
You have not taken this quiz